| 000 | 01061nam a22002537a 4500 | ||
|---|---|---|---|
| 003 | OSt | ||
| 005 | 20221027112458.0 | ||
| 008 | 221027t2007 sp ||||gr|||| 00| 0 spa d | ||
| 020 | _a9788431537944 | ||
| 040 |
_aCO-JMCR _bspa _cCO-JMCR |
||
| 041 | 1 |
_aspa _hita |
|
| 082 | 0 | 4 |
_a173.5 / _bD339s _223 |
| 100 | 1 |
_aDelaroche, Patrick, _eautor _942431 |
|
| 245 | 1 | 1 |
_a¿Se debe ceder ante los adolescentes? / _cPatrick Delaroche ; traducción de Sonia Saura |
| 260 |
_aBarcelona : _bDe Vecchi, _c©2007 |
||
| 300 |
_a285 páginas ; _c23 cm |
||
| 490 | 0 | _aCuestiones de padres | |
| 500 | _aTítulo original: Doit-on céder aux adolescents? | ||
| 505 | 0 | _aLa pubertad: ¿crisis corporal o crisis relacional? -- La violencia puede esconder otro tipo de violencia? -- Cuando las dificultades del adolescente revelan una carencia de obligaciones -- La necesidad de la autoridad paterna en la adolescencia | |
| 650 | 1 | 4 |
_aAdolescentes _xPsicología _942432 |
| 650 | 2 | 4 |
_aPadres y adolescentes _942433 |
| 700 | 1 |
_aSaura, Sonia, _etraductora _942434 |
|
| 942 |
_2ddc _cBK |
||
| 999 |
_c29765 _d16149 |
||